000 00943cam a22002054a 4500
005 20250605164329.0
008 250528s ||||||||||||||||||||||||d
035 _a23159
020 _a97816722393775
040 _aGR-AtMCL
_bgre
_dGR-AtMCL
_eAACR2
245 1 _aComputational Fluid Dynamics
260 _c2019
300 _a102
520 _aIn this text we will cover the range between these two extremes: When Viscosity and Momentum are Both Important, at Least in Some Significant Part of the Flow Field. Foreword, Navier - Stokes Equation, Vorticity - Stream Function Method, Finite Difference Method, Finite Volume Method, Finite Element Method, Turbulence, Three Dimensional Flow, Tecplot vs. TP2, Compilers, Finite Differences, Arrays, Green's Lemma, Elements, Exact Solutions, Transient Solutions.
700 1 _aBenton James D.
_98736
700 1 _aD. James Benton
_98737
942 _cBK
999 _c8189
_d8189